Integral calculus including differential equations / (Record no. 2405)

000 -LEADER
fixed length control field 00458nam a2200157 4500
008 - FIXED-LENGTH DATA ELEMENTS--GENERAL INFORMATION
fixed length control field 200228b ||||| |||| 00| 0 eng d
082 00 - DEWEY DECIMAL CLASSIFICATION NUMBER
Classification number 515
Item number D2291
100 ## - MAIN ENTRY--PERSONAL NAME
9 (RLIN) 1990
Personal name Das, B. C.
245 10 - TITLE STATEMENT
Title Integral calculus including differential equations /
250 ## - EDITION STATEMENT
Edition statement 23th ed.
260 ## - PUBLICATION, DISTRIBUTION, ETC. (IMPRINT)
Place of publication, distribution, etc Calcutta
Name of publisher, distributor, etc U. N. Dhar
Date of publication, distribution, etc 1977
300 ## - PHYSICAL DESCRIPTION
Extent xxvi, 448 p.
650 #0 - SUBJECT ADDED ENTRY--TOPICAL TERM
Topical term or geographic name as entry element Mathematics
700 ## - ADDED ENTRY--PERSONAL NAME
9 (RLIN) 1994
Personal name Mukherjee, B. N.
942 ## - ADDED ENTRY ELEMENTS (KOHA)
Source of classification or shelving scheme
Item type Books
Holdings
Withdrawn status Lost status Source of classification or shelving scheme Damaged status Not for loan Permanent location Current location Date acquired Full call number Barcode Date last seen Koha item type
          IMU Kolkata IMU Kolkata 2020-02-28 515 D2291 04702 2020-02-28 Books
Designed and Maintained by IMU-KC Library, Kolkata Campus © Copyright All Rights Reserved

webs counters

Powered by Koha